Bồi dưỡng tâm lý khoẻ mạnh cho trẻ

Nội dung cuốn sách giới thiệu cách tư vấn tâm lý trẻ, các chứng bệnh tâm lý và cách chửa trị

Gorde:
Xehetasun bibliografikoak
Formatua: Liburua
Hizkuntza:Undetermined
Argitaratua: Thành phố Hồ Chí Minh Phụ nữ 2006
Gaiak:
Etiketak: Etiketa erantsi
Etiketarik gabe, Izan zaitez lehena erregistro honi etiketa jartzen!
Thư viện lưu trữ: Trung tâm Học liệu Trường Đại học Cần Thơ
LEADER 00758nam a2200193Ia 4500
001 CTU_106579
008 210402s9999 xx 000 0 und d
020 |c 34000 
082 |a 155.4 
082 |b B452 
245 0 |a Bồi dưỡng tâm lý khoẻ mạnh cho trẻ 
245 0 |c Phương Chi, Nguyễn Khắc Khoái (tổng hợp, biên soạn) 
260 |a Thành phố Hồ Chí Minh 
260 |b Phụ nữ 
260 |c 2006 
520 |a Nội dung cuốn sách giới thiệu cách tư vấn tâm lý trẻ, các chứng bệnh tâm lý và cách chửa trị 
650 |a Child psychology 
904 |i Năm, Q. Hiếu (sửa) 
980 |a Trung tâm Học liệu Trường Đại học Cần Thơ